[Event "V Memorial Gianfranco Molinari A"]
[Site "Milano ITA"]
[Date "2011.10.31"]
[Round "5"]
[White "Bozzali, Ermanno"]
[Black "Nicolo', Filippo"]
[Result "1/2-1/2"]
[WhiteElo "2133"]
[BlackElo "2017"]
[PlyCount "40"]
[EventDate "2011.10.28"]

1. d4 d5 2. c4 dxc4 3. e3 Nf6 4. Bxc4 a6 5. Nf3 Nc6 6. O-O Bg4 7. Nbd2 e6 8. b3
Bb4 9. Bb2 O-O 10. Qc2 Re8 11. a3 Bxd2 12. Qxd2 Ne4 13. Qc2 Bxf3 14. gxf3 Ng5
15. Kg2 h5 16. Rg1 Ne7 17. Kh1 Nd5 18. f4 Nh7 19. e4 Nxf4 20. d5 e5 1/2-1/2

[Event "V Memorial Gianfranco Molinari A"]
[Site "Milano ITA"]
[Date "2011.10.31"]
[Round "5"]
[White "Cattaneo, Marco"]
[Black "Bemporad, Filippo"]
[Result "1-0"]
[WhiteElo "1986"]
[BlackElo "2093"]
[PlyCount "39"]
[EventDate "2011.10.28"]

1. d4 Nf6 2. Nf3 e6 3. c4 b6 4. g3 Bb7 5. Bg2 Be7 6. Nc3 d5 7. cxd5 exd5 8. O-O
O-O 9. Bf4 Na6 10. Rc1 Rc8 11. Qc2 c5 12. Bh3 Ra8 13. Rfd1 h6 14. Bf5 Nc7 15.
Ne5 Bd6 16. Qd2 Qe7 17. Bxh6 Nh7 18. Bf4 cxd4 19. Qxd4 g5 20. Ng4 1-0

[Event "V Memorial Gianfranco Molinari A"]
[Site "Milano ITA"]
[Date "2011.10.31"]
[Round "5"]
[White "Gongalov, Bojan"]
[Black "Cerioni, Armando"]
[Result "1-0"]
[WhiteElo "2084"]
[BlackElo "1958"]
[PlyCount "111"]
[EventDate "2011.10.28"]

1. Nf3 c5 2. g3 Nc6 3. d4 cxd4 4. Nxd4 d5 5. Bg2 Nf6 6. O-O e5 7. Nxc6 bxc6 8.
c4 h6 9. Nc3 Be6 10. cxd5 cxd5 11. Qa4+ Bd7 12. Qa6 Be6 13. Rd1 Qd7 14. Bd2 Bc5
15. Na4 Be7 16. Rac1 O-O 17. Nc5 Bxc5 18. Rxc5 Rfc8 19. Rdc1 Rxc5 20. Rxc5 Rc8
21. b4 Ne4 22. Rxc8+ Qxc8 23. Qxc8+ Bxc8 24. Be1 Be6 25. a4 Kf8 26. b5 Ke8 27.
Bb4 g6 28. f3 Nf6 29. Bc5 a6 30. bxa6 Bc8 31. a7 Bb7 32. Bd6 Nd7 33. f4 exf4
34. gxf4 Nb6 35. a5 Nc4 36. a6 Ba8 37. Bc5 f5 38. e3 Kd7 39. Kf2 Kc6 40. Bd4
Kb5 41. Ke2 Kxa6 42. Kd3 Nd6 43. Be5 Nb5 44. Bb8 Kb6 45. h4 h5 46. Bf3 Bc6 47.
Bd1 Nxa7 48. Bxa7+ Kxa7 49. Kd4 Kb6 50. Bb3 Kc7 51. Ke5 Be8 52. Bxd5 Kd7 53.
Kf6 Kd6 54. Bf7 Bxf7 55. Kxf7 g5 56. fxg5 1-0

[Event "V Memorial Gianfranco Molinari A"]
[Site "Milano ITA"]
[Date "2011.10.31"]
[Round "5"]
[White "Manansala, Eduardo"]
[Black "Paganini, Andrea"]
[Result "0-1"]
[WhiteElo "1946"]
[BlackElo "1847"]
[PlyCount "76"]
[EventDate "2011.10.28"]

1. Nf3 d5 2. g3 Nf6 3. Bg2 g6 4. O-O Bg7 5. c4 c6 6. d4 O-O 7. Qb3 a5 8. Nc3 a4
9. Nxa4 dxc4 10. Qd1 Qa5 11. Nc3 b5 12. Ne5 b4 13. Nb1 Be6 14. a3 Bd5 15. Bd2
Bxg2 16. Kxg2 Qd5+ 17. Nf3 c5 18. dxc5 Nc6 19. Be3 Rfd8 20. Nbd2 Ng4 21. axb4
Bxb2 22. Rxa8 Rxa8 23. Qc2 c3 24. b5 Nb4 25. Qe4 Nxe3+ 26. fxe3 Qxe4 27. Nxe4
c2 28. Nd4 c1=Q 29. Rxc1 Bxc1 30. Kf3 Rc8 31. b6 f5 32. Nc3 Rxc5 33. Na2 Bxe3
34. Kxe3 Nd5+ 35. Kd3 Nxb6 36. Ne6 Rc6 37. Nd4 Rd6 38. Ke3 Nd5+ 0-1

[Event "V Memorial Gianfranco Molinari A"]
[Site "Milano ITA"]
[Date "2011.10.31"]
[Round "5"]
[White "Moreschi, Mauro"]
[Black "Rossi, Giampiero"]
[Result "0-1"]
[WhiteElo "1861"]
[BlackElo "1902"]
[PlyCount "46"]
[EventDate "2011.10.28"]

1. e4 c5 2. Nf3 e6 3. c4 d6 4. Nc3 Nf6 5. d3 Be7 6. Be2 Nc6 7. Qb3 O-O 8. O-O
a6 9. a4 Qc7 10. Bd2 Bd7 11. Rfb1 Rfc8 12. Qd1 Rab8 13. Na2 b5 14. axb5 axb5
15. cxb5 Nd4 16. Nxd4 cxd4 17. Rc1 Qb7 18. Rxc8+ Rxc8 19. Rc1 Bxb5 20. Rxc8+
Qxc8 21. Nb4 Qc5 22. Kf1 h6 23. Nc2 Ba4 0-1

[Event "V Memorial Gianfranco Molinari A"]
[Site "Milano ITA"]
[Date "2011.10.31"]
[Round "5"]
[White "Moroni, Luca jr"]
[Black "Jara, Erik"]
[Result "1-0"]
[WhiteElo "1998"]
[BlackElo "2158"]
[PlyCount "55"]
[EventDate "2011.10.28"]

1. e4 e6 2. d4 d5 3. e5 c5 4. c3 Qb6 5. Nf3 Bd7 6. Na3 Nh6 7. Bd3 cxd4 8. cxd4
Bb4+ 9. Bd2 Nf5 10. Bxb4 Qxb4+ 11. Qd2 Nc6 12. Qxb4 Nxb4 13. Bxf5 exf5 14. Kd2
O-O 15. Rhc1 Rfc8 16. Nc2 Nxc2 17. Rxc2 Rxc2+ 18. Kxc2 f4 19. Rc1 Rc8+ 20. Kd2
Rxc1 21. Kxc1 h6 22. Kd2 g5 23. h4 Bg4 24. Nh2 Bf5 25. hxg5 hxg5 26. Nf3 Be4
27. Nxg5 Bxg2 28. e6 1-0

[Event "V Memorial Gianfranco Molinari A"]
[Site "Milano ITA"]
[Date "2011.10.31"]
[Round "5"]
[White "Nepi, Ezio"]
[Black "Arnold, Daniele"]
[Result "1-0"]
[WhiteElo "1961"]
[BlackElo "1856"]
[PlyCount "55"]
[EventDate "2011.10.28"]

1. d4 Nf6 2. c4 g6 3. Nc3 Bg7 4. e4 d6 5. Bd3 O-O 6. Nge2 Nbd7 7. O-O e5 8. d5
a5 9. Bc2 Nc5 10. Rb1 Ne8 11. a3 f5 12. exf5 Bxf5 13. Bxf5 gxf5 14. b4 axb4 15.
axb4 Nd7 16. f4 Qh4 17. Be3 Nef6 18. h3 Nh5 19. Nb5 Rac8 20. Qd2 Ng3 21. Nxg3
Qxg3 22. Rf3 Qh4 23. Ra1 e4 24. Bf2 Qe7 25. Rg3 Nf6 26. Ra7 Rb8 27. Nd4 Kh8 28.
Nxf5 1-0

[Event "V Memorial Gianfranco Molinari A"]
[Site "Milano ITA"]
[Date "2011.10.31"]
[Round "5"]
[White "Olivieri, Alessandro"]
[Black "Pelizzola, Danilo"]
[Result "1-0"]
[WhiteElo "1936"]
[BlackElo "2006"]
[PlyCount "120"]
[EventDate "2011.10.28"]

1. d4 Nf6 2. c4 e6 3. g3 c5 4. d5 exd5 5. cxd5 g6 6. Nc3 Bg7 7. Nf3 O-O 8. Bg2
d6 9. O-O Na6 10. Re1 Nc7 11. a4 a6 12. e4 Re8 13. e5 Ng4 14. exd6 Rxe1+ 15.
Qxe1 Ne8 16. Qe7 Bf5 17. Bf4 Bf8 18. Qxb7 Nxd6 19. Qc6 Bd7 20. Qxc5 Ne4 21. Qc7
Ngxf2 22. Qxd8 Rxd8 23. Ne5 Bc5 24. Nxe4 Nxe4+ 25. Kf1 Nf6 26. Rc1 Bf8 27. Bg5
Kg7 28. Rc7 Be8 29. Ng4 Nxg4 30. Bxd8 Ne3+ 31. Kf2 Nd1+ 32. Ke2 Nxb2 33. Rc6
Nxa4 34. Bf6+ Kh6 35. Rc8 Bb5+ 36. Kd1 Bg7 37. Be7 Nb6 38. h4 Bf6 39. Bf8+ Bg7
40. Bxg7+ Kxg7 41. Rb8 Nd7 42. Rb7 Kf6 43. Bh3 Ke7 44. Bxd7 Bxd7 45. Kd2 Kd6
46. Ke3 h6 47. Kd4 a5 48. Rb6+ Kc7 49. Ra6 a4 50. Kc5 f5 51. Ra7+ Kc8 52. Kd6
Bb5 53. Ra5 Be2 54. Rxa4 g5 55. Ra8+ Kb7 56. Rf8 f4 57. hxg5 hxg5 58. gxf4 gxf4
59. Rxf4 Kc8 60. Rf8+ Kb7 1-0

[Event "V Memorial Gianfranco Molinari A"]
[Site "Milano ITA"]
[Date "2011.10.31"]
[Round "5"]
[White "Popovich, Fabio"]
[Black "Pedroli, Marco"]
[Result "1-0"]
[WhiteElo "1805"]
[BlackElo "1900"]
[PlyCount "85"]
[EventDate "2011.10.28"]

1. e4 e5 2. Nf3 Nc6 3. Bb5 Nf6 4. O-O Nxe4 5. d4 Nd6 6. Bxc6 dxc6 7. dxe5 Nf5
8. Qxd8+ Kxd8 9. Nc3 Ke8 10. Bf4 Be6 11. a3 h6 12. Rad1 Be7 13. g4 Nh4 14. Nxh4
Bxh4 15. f3 Be7 16. Ne4 b6 17. Bc1 Bd5 18. Ng3 g6 19. b3 b5 20. Bb2 Be6 21. Kg2
Rd8 22. Ne2 c5 23. Nc3 c6 24. Ne4 Rd7 25. Rxd7 Kxd7 26. Rd1+ Kc7 27. Kf2 Rd8
28. Rxd8 Kxd8 29. Bc1 g5 30. Be3 c4 31. b4 a6 32. c3 Kd7 33. Bc5 Bd5 34. Bxe7
Kxe7 35. Nc5 f6 36. exf6+ Kxf6 37. Nxa6 Be6 38. Nc5 Bd5 39. a4 bxa4 40. Nxa4
Be6 41. Nc5 Bc8 42. h3 Ke5 43. Ke3 1-0

[Event "V Memorial Gianfranco Molinari A"]
[Site "Milano ITA"]
[Date "2011.10.31"]
[Round "5"]
[White "Radice, Luca"]
[Black "Cazzaniga, Walter"]
[Result "1-0"]
[WhiteElo "1972"]
[BlackElo "2118"]
[PlyCount "67"]
[EventDate "2011.10.28"]

1. d4 Nf6 2. c4 c5 3. d5 e6 4. Nc3 exd5 5. cxd5 d6 6. e4 g6 7. f4 Bg7 8. e5
dxe5 9. fxe5 Nfd7 10. e6 Qh4+ 11. g3 Qe7 12. Nf3 fxe6 13. Bg5 Bf6 14. d6 Qg7
15. Qd2 Bxg5 16. Nxg5 Ne5 17. Bb5+ Nbc6 18. Rf1 Bd7 19. Bxc6 Nxc6 20. Nb5 O-O-O
21. Nf7 Nb4 22. Nc3 Rde8 23. Nxh8 Qe5+ 24. Kf2 Rxh8 25. Kg1 c4 26. Rf4 b5 27.
Raf1 Nd3 28. Rf8+ Rxf8 29. Rxf8+ Kb7 30. Rf7 Qxd6 31. Qe3 Ka6 32. Qxa7+ Kxa7
33. Nxb5+ Kb6 34. Nxd6 1-0

[Event "V Memorial Gianfranco Molinari A"]
[Site "Milano ITA"]
[Date "2011.10.31"]
[Round "5"]
[White "Tarelli, Daniele"]
[Black "Quaranta, Cristiano"]
[Result "0-1"]
[WhiteElo "1900"]
[BlackElo "2128"]
[PlyCount "40"]
[EventDate "2011.10.28"]

1. e4 c5 2. Nf3 d6 3. d4 cxd4 4. Nxd4 Nf6 5. Nc3 Nc6 6. Be2 e5 7. Nb3 Be6 8.
Be3 Be7 9. Qd2 O-O 10. f3 a5 11. g4 a4 12. Nc1 d5 13. exd5 Nxd5 14. Ne4 Nxe3
15. Qxe3 Nd4 16. Qd2 Bh4+ 17. Kf1 f5 18. gxf5 Bxf5 19. Bc4+ Kh8 20. Ne2 Bh3+
0-1

[Event "V Memorial Gianfranco Molinari A"]
[Site "Milano ITA"]
[Date "2011.11.01"]
[Round "6"]
[White "Arnold, Daniele"]
[Black "Moreschi, Mauro"]
[Result "1/2-1/2"]
[WhiteElo "1856"]
[BlackElo "1861"]
[PlyCount "83"]
[EventDate "2011.10.28"]

1. e4 d6 2. d4 Nf6 3. Nc3 e5 4. dxe5 dxe5 5. Qxd8+ Kxd8 6. Bg5 Be6 7. O-O-O+
Nbd7 8. Nf3 Kc8 9. h3 Bb4 10. Bd3 Bxc3 11. bxc3 c6 12. Bxf6 gxf6 13. g4 h6 14.
Nd2 Nc5 15. c4 Kc7 16. f3 Rad8 17. Nb1 Rd4 18. Be2 Rhd8 19. Rxd4 Rxd4 20. Rd1
Rxd1+ 21. Kxd1 Na4 22. Ke1 Kd6 23. Kf2 Ke7 24. a3 Nb6 25. Nd2 Nd7 26. Bd3 Nf8
27. Nb3 b6 28. h4 Kd6 29. Ke3 Nd7 30. Kd2 a5 31. Kc3 a4 32. Nc1 c5 33. Kd2 b5
34. Kc3 Nb6 35. cxb5 c4 36. Be2 Kc5 37. Kd2 Kxb5 38. c3 Nd7 39. Na2 Nc5 40. Nb4
Nb3+ 41. Ke3 Nc1 42. Kd2 1/2-1/2

[Event "V Memorial Gianfranco Molinari A"]
[Site "Milano ITA"]
[Date "2011.11.01"]
[Round "6"]
[White "Bemporad, Filippo"]
[Black "Arboscelli, Gregorio"]
[Result "1/2-1/2"]
[WhiteElo "2093"]
[BlackElo "1907"]
[PlyCount "62"]
[EventDate "2011.10.28"]

1. d4 d5 2. Nf3 Nf6 3. c4 e6 4. g3 Bb4+ 5. Nbd2 O-O 6. a3 Bxd2+ 7. Bxd2 Ne4 8.
Bf4 dxc4 9. Bg2 Nd6 10. O-O Nd7 11. Qc2 Nb6 12. e4 f5 13. exf5 exf5 14. Rfe1
Ne4 15. Nd2 Nxd2 16. Qxd2 c6 17. Bg5 Qc7 18. Re7 Bd7 19. d5 Qd6 20. Rae1 Rae8
21. Bf4 Qf6 22. d6 Rxe7 23. dxe7 Re8 24. Bg5 Qf7 25. Qd6 Qg6 26. Qd2 h6 27. Bf4
Qf7 28. Qd6 Bc8 29. Bf1 Kh7 30. Bd2 Qd5 31. Qb4 Be6 1/2-1/2

[Event "V Memorial Gianfranco Molinari A"]
[Site "Milano ITA"]
[Date "2011.11.01"]
[Round "6"]
[White "Cattaneo, Marco"]
[Black "Olivieri, Alessandro"]
[Result "1/2-1/2"]
[WhiteElo "1986"]
[BlackElo "1936"]
[PlyCount "103"]
[EventDate "2011.10.28"]

1. d4 Nf6 2. Nf3 g6 3. c4 Bg7 4. Nc3 d6 5. e4 O-O 6. Be2 e5 7. O-O Nc6 8. d5
Ne7 9. Ne1 Nd7 10. Be3 f5 11. f3 f4 12. Bf2 g5 13. a4 a5 14. Nd3 b6 15. Be1 Nc5
16. Nf2 Kh8 17. Nb5 Bd7 18. b4 axb4 19. Bxb4 Nb7 20. Nd3 Na5 21. Nc1 Rf6 22.
Nb3 Rh6 23. Rf2 Nxb3 24. Qxb3 Qe8 25. Qa3 Qh5 26. h3 Bxh3 27. gxh3 Qxh3 28. Rg2
Nf5 29. exf5 e4 30. fxe4 Qh1+ 31. Kf2 Bxa1 32. Qxa1+ Qxa1 33. Bc3+ Qxc3 34.
Nxc3 Rg8 35. e5 dxe5 36. Ne4 Rh3 37. Rxg5 Rh2+ 38. Kf1 h6 39. Rxg8+ Kxg8 40. c5
bxc5 41. a5 Rh1+ 42. Kg2 Ra1 43. a6 Ra5 44. Bc4 Kf8 45. f6 Ra4 46. d6 cxd6 47.
Nxd6 e4 48. Bd5 Rxa6 49. Nxe4 c4 50. Bxc4 Ra4 51. Bd5 Rxe4 52. Bxe4 1/2-1/2

[Event "V Memorial Gianfranco Molinari A"]
[Site "Milano ITA"]
[Date "2011.11.01"]
[Round "6"]
[White "Cazzaniga, Walter"]
[Black "Paganini, Andrea"]
[Result "1-0"]
[WhiteElo "2118"]
[BlackElo "1847"]
[PlyCount "105"]
[EventDate "2011.10.28"]

1. d4 d5 2. c4 c6 3. Nf3 Nf6 4. Nc3 a6 5. c5 Nbd7 6. Bf4 Nh5 7. Be3 g6 8. g3
Bg7 9. Bg2 b6 10. cxb6 Qxb6 11. Qd2 O-O 12. Rc1 Re8 13. O-O Rb8 14. Na4 Qb5 15.
b3 e5 16. dxe5 Nxe5 17. Nd4 Qb7 18. h3 Nf6 19. Nc5 Qe7 20. Bf4 Bb7 21. Rfe1 Ba8
22. Nxa6 Rbc8 23. Nc5 Nfd7 24. Nxd7 Qxd7 25. a4 c5 26. Nb5 d4 27. Bxa8 Rxa8 28.
Rxc5 Qxh3 29. Nxd4 Rad8 30. Bxe5 Bxe5 31. e3 Bxg3 32. fxg3 Qxg3+ 33. Kf1 Qh3+
34. Ke2 Qg4+ 35. Kd3 Qe4+ 36. Kc3 Re7 37. Rc4 Qe5 38. Kc2 h5 39. Qd3 Qh2+ 40.
Re2 Qd6 41. Kb2 h4 42. Qc3 Ree8 43. Nc6 Qd1 44. Rc2 Rd3 45. Qf6 Rd6 46. Ne7+
Rxe7 47. Qxe7 Re6 48. Rc8+ Kg7 49. Qf8+ Kf6 50. Qh8+ Kg5 51. Rg2+ Kf5 52. Rc5+
Ke4 53. Qxh4+ 1-0

[Event "V Memorial Gianfranco Molinari A"]
[Site "Milano ITA"]
[Date "2011.11.01"]
[Round "6"]
[White "Cerioni, Armando"]
[Black "Tarelli, Daniele"]
[Result "0-1"]
[WhiteElo "1958"]
[BlackElo "1900"]
[PlyCount "76"]
[EventDate "2011.10.28"]

1. d4 d5 2. Nf3 Nf6 3. e3 Bf5 4. c4 e6 5. Qb3 b6 6. Ne5 Bd6 7. Qa4+ Kf8 8. Nc3
Bxe5 9. dxe5 Ne4 10. Nxe4 Bxe4 11. Bd2 dxc4 12. Qxc4 Bd5 13. Qf4 Nd7 14. e4 Bb7
15. Bb4+ c5 16. Bc3 a6 17. a4 Kg8 18. Be2 Qe7 19. O-O Nf8 20. Rfd1 Ng6 21. Qe3
h6 22. Rd6 Qc7 23. Rad1 Bc8 24. f4 Ne7 25. b4 Kh7 26. b5 a5 27. Bf3 Ra7 28. Qd2
Re8 29. g3 Kg8 30. Bg2 Ng6 31. g4 Nf8 32. Bf3 Bb7 33. Rd8 Ra8 34. Rxa8 Bxa8 35.
Kf2 Qe7 36. Kg2 Ng6 37. f5 exf5 38. gxf5 Nxe5 0-1

[Event "V Memorial Gianfranco Molinari A"]
[Site "Milano ITA"]
[Date "2011.11.01"]
[Round "6"]
[White "Martinez, Rolly"]
[Black "Jara, Erik"]
[Result "1/2-1/2"]
[WhiteElo "2411"]
[BlackElo "2158"]
[PlyCount "104"]
[EventDate "2011.10.28"]

1. e4 e6 2. d4 d5 3. Nd2 dxe4 4. Nxe4 Nf6 5. Bd3 Nbd7 6. Nf3 Be7 7. O-O O-O 8.
Qe2 b6 9. Ne5 Bb7 10. Ng5 h6 11. Ngf3 Re8 12. Rd1 Qc8 13. c4 c5 14. Be3 Qc7 15.
Rac1 Rad8 16. Bb1 Qb8 17. Nxd7 Rxd7 18. Ne5 Rdd8 19. Ng4 cxd4 20. Bxd4 Qf4 21.
Nxf6+ Bxf6 22. Bxf6 Qxf6 23. a3 Kf8 24. h3 Rxd1+ 25. Rxd1 Rd8 26. Rxd8+ Qxd8
27. Be4 Ba6 28. Bd3 Qd4 29. Qf3 Ke7 30. Qe2 Bb7 31. Qc2 e5 32. Bf1 Be4 33. Qe2
Bf5 34. b4 Be6 35. Qc2 Kd6 36. g3 f5 37. Qa4 Bxc4 38. Bxc4 Qxc4 39. Qxa7 Qc1+
40. Kh2 Qc7 41. Qa6 Qc6 42. a4 Kc7 43. Qd3 g6 44. Qe3 Qxa4 45. Qxe5+ Kb7 46.
Qg7+ Ka6 47. Qxg6 Qc2 48. Kg1 Qd1+ 49. Kg2 Qd5+ 50. Kg1 Qd1+ 51. Kg2 Qd5+ 52.
Kf1 Qd1+ 1/2-1/2

[Event "V Memorial Gianfranco Molinari A"]
[Site "Milano ITA"]
[Date "2011.11.01"]
[Round "6"]
[White "Moroni, Luca jr"]
[Black "Pace, Pietro Dario"]
[Result "0-1"]
[WhiteElo "1998"]
[BlackElo "2276"]
[PlyCount "110"]
[EventDate "2011.10.28"]

1. e4 c5 2. Nf3 Nc6 3. d4 cxd4 4. Nxd4 Qb6 5. Nxc6 bxc6 6. Nc3 e5 7. Bc4 Nf6 8.
O-O Be7 9. Qe2 O-O 10. b3 Bb7 11. Rd1 Rad8 12. Bg5 h6 13. Bxf6 Bxf6 14. Na4 Qa5
15. Qe1 Qxe1+ 16. Rxe1 d5 17. Bd3 Be7 18. Rad1 f5 19. exd5 e4 20. dxc6 Bxc6 21.
Be2 Rc8 22. Bc4+ Kh7 23. Be6 Rc7 24. c4 Bb4 25. Rf1 Rf6 26. Bd5 Be8 27. Ra1 Ra6
28. a3 Be7 29. Nc3 Rxa3 30. Rxa3 Bxa3 31. g4 g6 32. Rd1 Bb4 33. Na2 Be7 34. Be6
fxg4 35. Nc3 h5 36. Bd5 Bb4 37. Nxe4 Kg7 38. Ng5 Kf6 39. f4 Re7 40. Kf1 Kf5 41.
Rd4 Bc3 42. Re4 Rxe4 43. Nxe4 Bb4 44. c5 Bb5+ 45. Kg2 Kxf4 46. c6 Ke5 47. c7
Ba6 48. Bc4 Bb7 49. Bd3 Ba5 50. Kf1 Bxc7 51. Nc5 Bc8 52. Bxg6 h4 53. Be8 Kd6
54. Ne4+ Ke7 55. Bh5 Bxh2 0-1

[Event "V Memorial Gianfranco Molinari A"]
[Site "Milano ITA"]
[Date "2011.11.01"]
[Round "6"]
[White "Nicolo', Filippo"]
[Black "Gongalov, Bojan"]
[Result "1/2-1/2"]
[WhiteElo "2017"]
[BlackElo "2084"]
[PlyCount "94"]
[EventDate "2011.10.28"]

1. e4 Nf6 2. Nc3 d5 3. e5 Ne4 4. Nce2 Nc5 5. d4 Ne6 6. Be3 g5 7. Qd2 h6 8. h4
g4 9. g3 h5 10. Bg2 Ng7 11. Nf4 c6 12. Nge2 Bf5 13. Nd3 Bxd3 14. Qxd3 e6 15.
Bg5 Qa5+ 16. c3 Nd7 17. O-O Nf5 18. b3 Qa3 19. c4 dxc4 20. Qxc4 Nb6 21. Bxc6+
Nd7 22. Bxb7 Rb8 23. Nf4 Qb4 24. Bc6 Qxc4 25. bxc4 Be7 26. Bxe7 Kxe7 27. Bxd7
Kxd7 28. d5 exd5 29. cxd5 Nd4 30. e6+ Kd6 31. exf7 Rh7 32. Rab1 Rf8 33. Ne6
Nf3+ 34. Kg2 Rfxf7 35. Ng5 Nxg5 36. hxg5 Rf5 37. f4 gxf3+ 38. Rxf3 Rxg5 39.
Rf6+ Ke5 40. Re6+ Kxd5 41. Rb5+ Kxe6 42. Rxg5 Kf6 43. Ra5 Kg6 44. Kh3 Rc7 45.
Ra6+ Kg5 46. Ra5+ Kg6 47. Ra6+ Kg5 1/2-1/2

[Event "V Memorial Gianfranco Molinari A"]
[Site "Milano ITA"]
[Date "2011.11.01"]
[Round "6"]
[White "Pelizzola, Danilo"]
[Black "Popovich, Fabio"]
[Result "1-0"]
[WhiteElo "2006"]
[BlackElo "1805"]
[PlyCount "87"]
[EventDate "2011.10.28"]

1. e4 c5 2. Nf3 Nc6 3. Be2 d6 4. b3 e5 5. Bb2 f5 6. d3 Nf6 7. Nc3 Be7 8. Qd2
O-O 9. Nd5 Nxd5 10. exd5 Nb8 11. O-O Nd7 12. Qe1 Nf6 13. c4 Qe8 14. Nd2 g5 15.
f3 Qg6 16. a3 Nh5 17. g3 Nf6 18. b4 b6 19. b5 h5 20. Kh1 Rf7 21. Rg1 Nd7 22. a4
Bf8 23. a5 Bh6 24. axb6 Nxb6 25. Rf1 f4 26. Ne4 Bf5 27. gxf4 Bxe4 28. dxe4 Rxf4
29. Bc1 Rh4 30. Qg3 Kf7 31. Rg1 Kf6 32. Ra6 Qg7 33. Be3 Rg8 34. Qxh4 gxh4 35.
Rxg7 Bxg7 36. Rxa7 Ra8 37. Ra6 Rxa6 38. bxa6 Ke7 39. Bd2 Kd7 40. Bf1 Kc8 41.
Ba5 Na4 42. Bh3+ Kb8 43. Bd7 Nb2 44. Bb6 1-0

[Event "V Memorial Gianfranco Molinari A"]
[Site "Milano ITA"]
[Date "2011.11.01"]
[Round "6"]
[White "Quaranta, Cristiano"]
[Black "Nepi, Ezio"]
[Result "1-0"]
[WhiteElo "2128"]
[BlackElo "1961"]
[PlyCount "87"]
[EventDate "2011.10.28"]

1. e4 c5 2. Nf3 d6 3. Bb5+ Nd7 4. d4 cxd4 5. Qxd4 Ngf6 6. c4 g6 7. Nc3 Bg7 8.
O-O O-O 9. Bxd7 Bxd7 10. Qd3 Rc8 11. Be3 Be6 12. b3 Qa5 13. Nd4 Ng4 14. Nd5
Bxd5 15. exd5 Nxe3 16. Qxe3 b5 17. Nxb5 Bxa1 18. Rxa1 a6 19. Nd4 Qc5 20. Rd1
Rfe8 21. Qh6 Qa5 22. Nf3 Qc3 23. h4 Qg7 24. Qf4 Rcd8 25. Nd4 e5 26. dxe6 fxe6
27. Nc6 Rf8 28. Qe3 Rde8 29. Rxd6 Qa1+ 30. Kh2 Qf6 31. Kg3 Rf7 32. Ne5 Qe7 33.
Rd7 Qxd7 34. Nxd7 Rxd7 35. Qb6 h5 36. Qxa6 Rd4 37. f3 Re7 38. c5 Kh7 39. Qe2 e5
40. Qb2 Rd3 41. Qc2 e4 42. c6 e3 43. c7 Rd2 44. Qc1 1-0

[Event "V Memorial Gianfranco Molinari A"]
[Site "Milano ITA"]
[Date "2011.11.01"]
[Round "6"]
[White "Radice, Luca"]
[Black "Barberi, Alessandro"]
[Result "1/2-1/2"]
[WhiteElo "1972"]
[BlackElo "2062"]
[PlyCount "37"]
[EventDate "2011.10.28"]

1. d4 g6 2. c4 f5 3. h4 Bg7 4. Nc3 Nf6 5. Nh3 d6 6. Bg5 O-O 7. e3 c6 8. Be2 h6
9. Bxf6 Bxf6 10. Nf4 Kh7 11. d5 Na6 12. g4 Bxc3+ 13. bxc3 fxg4 14. Bxg4 Nc5 15.
Nxg6 Kxg6 16. Rg1 Kh7 17. Qc2+ Kh8 18. Bxc8 e5 19. Bf5 1/2-1/2

[Event "V Memorial Gianfranco Molinari A"]
[Site "Milano ITA"]
[Date "2011.11.01"]
[Round "6"]
[White "Rossi, Giampiero"]
[Black "Cani, Gazmir"]
[Result "1/2-1/2"]
[WhiteElo "1902"]
[BlackElo "2140"]
[PlyCount "74"]
[EventDate "2011.10.28"]

1. d4 Nf6 2. c4 g6 3. g3 Bg7 4. Bg2 O-O 5. Nc3 d6 6. Nf3 Nbd7 7. O-O e5 8. Qc2
c6 9. Rd1 Qe7 10. b3 a5 11. Ba3 exd4 12. Nxd4 Nc5 13. h3 Re8 14. e3 h5 15. Rac1
h4 16. g4 Bd7 17. Bxc5 dxc5 18. Nde2 Rab8 19. a4 Rbd8 20. Rd2 Bh6 21. Rd3 Bxg4
22. hxg4 Nxg4 23. Rxd8 Rxd8 24. Rd1 Rxd1+ 25. Nxd1 Qd6 26. Kf1 Qh2 27. Ng1 Qd6
28. Nf3 Nh2+ 29. Nxh2 Qxh2 30. Qd3 h3 31. Bf3 Qe5 32. Qc3 Qf5 33. Ke2 h2 34. e4
Qh3 35. Qe1 Bf4 36. Ne3 Bxe3 37. Kxe3 g5 1/2-1/2

[Event "V Memorial Gianfranco Molinari A"]
[Site "Milano ITA"]
[Date "2011.11.01"]
[Round "6"]
[White "Sbarra, Marco"]
[Black "Bozzali, Ermanno"]
[Result "1-0"]
[WhiteElo "2227"]
[BlackElo "2133"]
[PlyCount "47"]
[EventDate "2011.10.28"]

1. d4 d5 2. c4 c6 3. Nf3 Nf6 4. e3 e6 5. Nbd2 Nbd7 6. Bd3 Bd6 7. O-O O-O 8. e4
dxe4 9. Nxe4 Nxe4 10. Bxe4 f5 11. Bc2 e5 12. c5 Be7 13. Bb3+ Kh8 14. Nxe5 Nxe5
15. dxe5 Bxc5 16. Qc2 Qb6 17. Bg5 Re8 18. Rae1 Be6 19. Bxe6 Rxe6 20. Qxf5 Rae8
21. Re2 Qa6 22. Re4 Qxa2 23. Rh4 g6 24. Qf7 1-0